MyGZULibrary

The gospel according to the ghetto / (Record no. 455)

MARC details
000 -LEADER
fixed length control field 00950nam a2200277 a 4500
001 - CONTROL NUMBER
control field 4388593
003 - CONTROL NUMBER IDENTIFIER
control field GZU
005 - DATE AND TIME OF LATEST TRANSACTION
control field 20200831090720.0
008 - FIXED-LENGTH DATA ELEMENTS--GENERAL INFORMATION
fixed length control field 910930s1990 rh a b 000 0 eng
010 ## - LIBRARY OF CONGRESS CONTROL NUMBER
LC control number 91200523
040 ## - CATALOGING SOURCE
Original cataloging agency DLC
Transcribing agency DLC
043 ## - GEOGRAPHIC AREA CODE
Geographic area code f-rh---
050 00 - LIBRARY OF CONGRESS CALL NUMBER
Classification number BT83.57
Item number .B35 1990b
082 00 - DEWEY DECIMAL CLASSIFICATION NUMBER
Classification number 261.8/096891
Edition number 20
100 1# - MAIN ENTRY--PERSONAL NAME
Personal name Banana, Canaan.
245 14 - TITLE STATEMENT
Title The gospel according to the ghetto /
Statement of responsibility, etc. Canaan Banana ; foreword by C.G. Mazobere.
250 ## - EDITION STATEMENT
Edition statement Edited ed.
260 ## - PUBLICATION, DISTRIBUTION, ETC.
Place of publication, distribution, etc. Gweru, Zimbabwe :
Name of publisher, distributor, etc. Mambo Press,
Date of publication, distribution, etc. 1990.
300 ## - PHYSICAL DESCRIPTION
Extent xvi, 195 p. :
Other physical details ill. ;
Dimensions 19 cm.
504 ## - BIBLIOGRAPHY, ETC. NOTE
Bibliography, etc. note Includes bibliographical references.
650 #0 - SUBJECT ADDED ENTRY--TOPICAL TERM
Topical term or geographic name entry element Liberation theology.
650 #0 - SUBJECT ADDED ENTRY--TOPICAL TERM
Topical term or geographic name entry element Church and social problems
Geographic subdivision Zimbabwe.
906 ## - LOCAL DATA ELEMENT F, LDF (RLIN)
a 7
b cbc
c orignew
d 4
e ncip
f 19
g y-gencatlg
942 ## - ADDED ENTRY ELEMENTS (KOHA)
Source of classification or shelving scheme Library of Congress Classification
Koha item type Books
Edition Edited
Classification part 83.57
Item part BAN
Call number prefix BT
Call number suffix 1990
Holdings
Withdrawn status Lost status Damaged status Not for loan Collection code Home library Current library Shelving location Date acquired Total Checkouts Full call number Barcode Date last seen Copy number Price effective from Koha item type
        Non-fiction City Campus Library City Campus Library General Stacks 08/31/2020   BT83 BAN 1990 8901 08/31/2020 c.1 08/31/2020 Books
        Non-fiction City Campus Library City Campus Library General Stacks 08/31/2020   BT83.57 BAN 1990 5214 08/31/2020 c.2 08/31/2020 Books